000 00572cam a22002053a 4500
001 45678
003 PGUSA
005 20140828084046.0
008 140517s2014||||xxu|||||s|||||000 | eng d
040 _aPGUSA
_beng
042 _adc
100 1 _aGuthrie, Ellen Jane
245 1 0 _aTales of the Covenanters
_h[electronic resource] /
_cEllen Jane Guthrie
260 _bProject Gutenberg,
_c2014
506 _aPublic domain in the USA.
516 _aElectronic text
830 0 _aProject Gutenberg
_v45678
856 4 0 _uhttp://www.gutenberg.org/ebooks/45678
942 _cEB
999 _c274928
_d274928